000 00674nam a22002297a 4500
003 UA-OsUOA
001 47473
007 ta
008 20120615b un ||||| |||| 00| 0 ukr d
100 _aЧапленко В.
090 _a82-92
_bЧ-19
942 _cBR
040 _aUA-OsUOA
_bukr
_cUA-OsUOA
_dUA-OsUOA
245 _aПро московську літературну мову
300 _a10-22 с.
955 _a4
041 _aukr
080 _a82-92
650 7 _a82 Література. Літературознавство
_2UDC
999 _c427575
_d427575